[Event "PER Ch"]
[Site "Lima PER"]
[Date "1994.??.??"]
[Round "5"]
[White "Belli Pino, Mario"]
[Black "Reyes, Juan"]
[Result "1/2-1/2"]
[WhiteElo "2410"]
[BlackElo "2430"]
[PlyCount "62"]
[EventDate "1994.??.??"]
[Source "www.chesslib.no"]
[SourceDate "2004.05.04"]

1. e4 e5 2. Nc3 Nf6 3. Bc4 Bb4 4. Nge2 O-O 5. d3 d5 6. exd5 Nxd5 7. O-O Nxc3 8. bxc3 Bd6 9. f4 Nc6 10. Ng3 Na5 11. Bb3 Nxb3 12. axb3 f5 13. fxe5 Bxe5 14. d4 Bxg3 15. hxg3 Be6 16. c4 c6 17. Bf4 Qd7 18. Qd2 b5 19. cxb5 cxb5 20. Ra6 Bd5 21. Rfa1 Rfc8 22. Be5 Be4 23. c3 Qf7 24. b4 Rc6 25. Rxc6 Bxc6 26. Rf1 Rf8 27. g4 Qe6 28. Qg5 Qg6 29. Rxf5 Rxf5 30. Qxf5 Qxf5 31. gxf5 h5 1/2-1/2

[Event "NOR-chT"]
[Site "Oslo"]
[Date "2000.06.04"]
[Round "5"]
[White "Djurhuus, Rune"]
[Black "Egeli, Per Ove"]
[Result "1-0"]
[WhiteElo "2484"]
[BlackElo "2347"]
[PlyCount "55"]
[EventDate "2000.05.31"]
[Source "ChessBase"]
[SourceDate "2000.07.11"]

1. e4 e5 2. Nc3 Nf6 3. Bc4 Bc5 4. d3 d6 5. Na4 Bb4+ 6. c3 Ba5 7. b4 Bb6 8. Nf3 Qe7 9. O-O Be6 10. Bb3 Nbd7 11. Bc2 h6 12. d4 c6 13. Nxb6 axb6 14. a4 b5 15. a5 O-O 16. h3 d5 17. Nxe5 Nxe4 18. f3 Nd6 19. g4 Rfe8 20. Qd3 f5 21. Bf4 Nf8 22. Rae1 Qd8 23. Rf2 Bc8 24. Rg2 Qh4 25. Bg3 Qxh3 26. Kf2 Ne4+ 27. fxe4 dxe4 28. Qe3 1-0

[Event "Bucharest"]
[Site "?"]
[Date "1979.??.??"]
[Round "3"]
[White "Stoica Valentin"]
[Black "Ghitescu Theodor"]
[Result "1/2-1/2"]
[WhiteElo "2430"]
[BlackElo "2400"]
[PlyCount "78"]
[EventDate "1979.??.??"]
[Source "www.chesslib.no"]
[SourceDate "2004.05.04"]

1. e4 e5 2. Nc3 Nf6 3. Bc4 Bb4 4. Nf3 d6 5. d3 Be6 6. Bb3 O-O 7. O-O Bxc3 8. bxc3 Nbd7 9. h3 Nc5 10. Be3 b6 11. Ng5 Bxb3 12. axb3 h6 13. Nf3 Ne6 14. Ra6 c5 15. Qa1 Qb8 16. Nh4 d5 17. f3 d4 18. Bd2 dxc3 19. Bxc3 Nd4 20. Bxd4 cxd4 21. f4 exf4 22. Qxd4 Rd8 23. Qb2 Qc8 24. Raa1 Qc5+ 25. Rf2 Qg5 26. Nf5 Nh5 27. Raf1 Rd7 28. Rf3 Re8 29. Kh2 Re6 30. g4 fxg3+ 31. Nxg3 Rg6 32. Rg1 Nxg3 33. Rfxg3 Qf4 34. Qc1 Qe5 35. Qa1 Qc7 36. R1g2 h5 37. e5 Rxg3 38. Kxg3 Qc5 39. Kh2 Qe3 1/2-1/2

[Event "SWE-chT 9900"]
[Site "Sweden"]
[Date "1999.??.??"]
[Round "3"]
[White "Djurhuus, Rune"]
[Black "Moberg, Karl Johan"]
[Result "1-0"]
[WhiteElo "2483"]
[BlackElo "2345"]
[PlyCount "133"]
[EventDate "1999.11.??"]
[Source "www.chesslib.no"]
[SourceDate "2004.05.04"]

1. e4 e5 2. Nc3 Nf6 3. Bc4 c6 4. Nf3 d5 5. exd5 e4 6. Ne5 cxd5 7. Bb5+ Bd7 8. Nxd7 Nbxd7 9. d3 Bb4 10. dxe4 dxe4 11. Qd4 Bxc3+ 12. Qxc3 O-O 13. Bg5 Qb6 14. a4 a6 15. Be3 Qe6 16. Bc4 Qg4 17. O-O Rac8 18. Qd4 Rfe8 19. h3 Qf5 20. Kh1 Ne5 21. Bb3 Ng6 22. Qd6 Nh4 23. Qg3 Ng6 24. Rfd1 Ne5 25. Qg5 Qxg5 26. Bxg5 Ned7 27. c3 h6 28. Be3 Nc5 29. Bc2 Ne6 30. Bb6 Rc6 31. a5 Rcc8 32. Kg1 g5 33. Ra4 Nf4 34. Kf1 N4d5 35. Ba7 e3 36. fxe3 Nxe3+ 37. Bxe3 Rxe3 38. Rb4 Rc7 39. Re1 Rxe1+ 40. Kxe1 Kg7 41. Bd1 Re7+ 42. Kd2 Ne4+ 43. Kc2 Nd6 44. Bf3 Kf6 45. Kd3 Ke5 46. Rd4 f5 47. c4 Rh7 48. Rd5+ Ke6 49. c5 Nf7 50. Kd4 Rg7 51. g4 f4 52. Be4 Ke7 53. Bf5 Rg8 54. Rd7+ Kf6 55. Rxb7 Rd8+ 56. Rd7 Rxd7+ 57. Bxd7 f3 58. Bc8 Ne5 59. Bxa6 Nc6+ 60. Ke4 f2 61. Be2 Nxa5 62. b4 Nb3 63. Kd5 Ke7 64. b5 Kd7 65. b6 Na5 66. Bb5+ Kc8 67. c6 1-0

[Event "Corr"]
[Site "?"]
[Date "1997.12.29"]
[Round "?"]
[White "Leconte Jean-Olivier (FRA)"]
[Black "Stepanov Oleg Mikhailovich ("]
[Result "1/2-1/2"]
[WhiteElo "2405"]
[BlackElo "2415"]
[PlyCount "43"]
[EventDate "1997.??.??"]
[Source "www.chesslib.no"]
[SourceDate "2004.05.04"]

1. e4 e5 2. Nc3 Nf6 3. Bc4 Bc5 4. d3 d6 5. Bg5 h6 6. Bh4 c6 7. Nge2 Nbd7 8. a3 a5 9. Ba2 Bb6 10. d4 Nf8 11. dxe5 dxe5 12. Na4 g5 13. Bg3 Qxd1+ 14. Rxd1 Bc7 15. f3 Be6 16. Bxe6 Nxe6 17. Bf2 Nd7 18. c4 b6 19. Ng3 O-O-O 20. Nf5 Kb7 21. O-O c5 22. Nc3 1/2-1/2

[Event "Corr"]
[Site "?"]
[Date "1999.12.07"]
[Round "1"]
[White "Dadi Daniel"]
[Black "Jemar Ninci Roberto"]
[Result "1-0"]
[WhiteElo "2368"]
[BlackElo "2451"]
[PlyCount "25"]
[EventDate "1999.??.??"]
[Source "www.chesslib.no"]
[SourceDate "2004.05.04"]

1. e4 e5 2. Nc3 Nf6 3. Bc4 Bb4 4. Nd5 Nxd5 5. Bxd5 c6 6. Bb3 O-O 7. Nf3 d5 8. O-O dxe4 9. Nxe5 Nd7 10. Nxd7 Qxd7 11. c3 Bc5 12. Bc2 Qd5 13. Re1 1-0

[Event "Open des Vins 2nd"]
[Site "Naujac"]
[Date "1999.??.??"]
[Round "4"]
[White "Herb, Pascal"]
[Black "Skembris, Spyridon"]
[Result "0-1"]
[WhiteElo "2335"]
[BlackElo "2475"]
[PlyCount "90"]
[EventDate "1999.07.??"]
[Source "www.chesslib.no"]
[SourceDate "2004.05.04"]

1. e4 e5 2. Nc3 Nf6 3. Bc4 Bc5 4. d3 c6 5. Qf3 b5 6. Bb3 a5 7. a4 b4 8. Nd1 d5 9. Bg5 d4 10. Ne2 Be7 11. h3 Nbd7 12. Ng3 g6 13. Nf1 Nc5 14. Bc4 h6 15. Bc1 b3 16. cxb3 Rb8 17. Nd2 Qd6 18. b4 Rxb4 19. b3 O-O 20. Ba3 Rb8 21. Rc1 Nxd3+ 22. Bxd3 Qxa3 23. Rxc6 Kg7 24. O-O Bd7 25. Nc4 Qxb3 26. Nxe5 Bxc6 27. Nxc6 Rbe8 28. e5 Nh7 29. Nxd4 Qb4 30. Nc6 Qxa4 31. Ne3 Ng5 32. Qd5 Ne6 33. Bb5 Qh4 34. g3 Qxh3 35. Be2 h5 36. Bf3 Ng5 37. Bg2 Qe6 38. Qxa5 Ra8 39. Qc3 Ra3 40. Qc1 Rc8 41. f4 Ra6 42. f5 Raxc6 43. Bxc6 Qxe5 44. Nd5 Qxg3+ 45. Kh1 Bd6 0-1

[Event "NED-ch (qualifier KO)"]
[Site "Rotterdam"]
[Date "2000.02.15"]
[Round "3.2"]
[White "Lemmers, Oscar"]
[Black "De Vreugt, Dennis"]
[Result "1-0"]
[WhiteElo "2406"]
[BlackElo "2398"]
[PlyCount "63"]
[EventDate "2000.02.12"]
[Source "www.chesslib.no"]
[SourceDate "2004.05.04"]

1. e4 e5 2. Bc4 Nf6 3. Nc3 Be7 4. f4 d6 5. d3 O-O 6. Nf3 Nbd7 7. O-O c6 8. Kh1 exf4 9. Bxf4 Nc5 10. Qe1 d5 11. exd5 b5 12. Ne5 bxc4 13. Nxc6 Qb6 14. Nxe7+ Kh8 15. dxc4 Qxb2 16. Bd6 Nfd7 17. Qd2 Ba6 18. Rab1 Qa3 19. Qd4 Nb3 20. cxb3 Qxd6 21. Qxg7+ Kxg7 22. Nf5+ Kg6 23. Nxd6 Rad8 24. Rbe1 Nf6 25. Nde4 Ng8 26. Re3 f6 27. Rg3+ Kh6 28. Rf4 Kh5 29. Ne2 Bc8 30. Nd4 Rde8 31. Nf3 f5 32. Rh4# 1-0

[Event "Porto Carras op"]
[Site "Porto Carras"]
[Date "1998.04.11"]
[Round "?"]
[White "Georgiev, Krum"]
[Black "Vafiadis, Kleanthis"]
[Result "1-0"]
[WhiteElo "2525"]
[BlackElo "2275"]
[PlyCount "69"]
[EventDate "1998.??.??"]
[Source "www.chesslib.no"]
[SourceDate "2004.05.04"]

1. e4 e5 2. Nc3 Nf6 3. Bc4 Bc5 4. d3 d6 5. Bg5 O-O 6. Qd2 c6 7. Na4 Nbd7 8. Nxc5 Nxc5 9. Ne2 b5 10. Bb3 a5 11. c3 b4 12. O-O Ba6 13. Bc2 d5 14. exd5 cxd5 15. Rfe1 d4 16. cxd4 exd4 17. Ng3 Bb7 18. Nf5 Ne6 19. Bb3 a4 20. Bxe6 fxe6 21. Rxe6 Qd7 22. Rae1 Nd5 23. Nxd4 Nc7 24. Re7 Qg4 25. f4 Rac8 26. h3 Qh5 27. Qxb4 Bd5 28. Qd6 Qg6 29. Qe5 h6 30. Rxc7 Rxc7 31. Qxc7 hxg5 32. f5 Qf6 33. Qe5 Qf7 34. Ne6 Qa7+ 35. Kh2 1-0

[Event "Dreszer Memorial"]
[Site "Gdynia POL"]
[Date "1988.??.??"]
[Round "12"]
[White "Stratil, Ladislav jr"]
[Black "Tomaszewski, Roman"]
[Result "1/2-1/2"]
[WhiteElo "2430"]
[BlackElo "2370"]
[PlyCount "31"]
[EventDate "1988.??.??"]
[Source "www.chesslib.no"]
[SourceDate "2004.05.04"]

1. e4 Nf6 2. Nc3 e5 3. Bc4 Bb4 4. d3 d5 5. exd5 Nxd5 6. Bd2 Nxc3 7. bxc3 Bd6 8. Qh5 Qe7 9. Bg5 Qf8 10. f4 Nc6 11. Qe2 f6 12. fxe5 Bxe5 13. Bd2 Qe7 14. d4 Bd6 15. Qxe7+ Bxe7 16. Nf3 1/2-1/2

[Event "Bad Woerishofen Open"]
[Site "Bad Woerishofen GER"]
[Date "1991.??.??"]
[Round "3"]
[White "Roeder, Frank"]
[Black "Blatny, Pavel"]
[Result "0-1"]
[WhiteElo "2285"]
[BlackElo "2495"]
[PlyCount "46"]
[EventDate "1991.11.??"]
[Source "www.chesslib.no"]
[SourceDate "2004.05.04"]

1. e4 e5 2. Nc3 Nf6 3. Bc4 Be7 4. d3 d6 5. f4 Be6 6. f5 Bxc4 7. dxc4 g6 8. Nf3 gxf5 9. exf5 Rg8 10. O-O Nbd7 11. Kh1 c6 12. a4 Qc7 13. a5 O-O-O 14. Be3 a6 15. Na4 Rde8 16. Qe2 d5 17. Bb6 Qd6 18. c3 Rg4 19. Nd2 Reg8 20. Rg1 Ne4 21. Nxe4 Rxe4 22. Qh5 Rh4 23. Qxf7 Rxh2+ 0-1

[Event "Neckar op 2nd"]
[Site "Deizisau"]
[Date "1998.04.11"]
[Round "7"]
[White "Huber, Armin"]
[Black "Galdunts, Sergey"]
[Result "0-1"]
[WhiteElo "2330"]
[BlackElo "2445"]
[PlyCount "60"]
[EventDate "1998.04.05"]
[Source "www.chesslib.no"]
[SourceDate "2004.05.04"]

1. e4 e5 2. Nc3 Nf6 3. Bc4 Bb4 4. Nf3 d6 5. O-O O-O 6. d3 c6 7. Bb3 Nbd7 8. Ne2 Nc5 9. Ng3 h6 10. h3 Ba5 11. Be3 Bb6 12. c3 Nxb3 13. Qxb3 Be6 14. Qc2 Re8 15. Bxb6 axb6 16. a4 Nd7 17. d4 Qf6 18. dxe5 dxe5 19. Nd2 Nf8 20. Qd3 Ng6 21. Qe3 Red8 22. Rfd1 c5 23. b4 Nf4 24. Ndf1 cxb4 25. cxb4 Rd4 26. a5 bxa5 27. bxa5 Rxa5 28. Rxa5 Rxd1 29. Kh2 Qh4 30. Nd2 Nxg2 0-1

[Event "Komercni Banka op"]
[Site "Pardubice"]
[Date "1996.??.??"]
[Round "7"]
[White "Gavrilov, Alexei"]
[Black "Trefny, Vlastimil"]
[Result "0-1"]
[WhiteElo "2445"]
[BlackElo "2325"]
[PlyCount "128"]
[EventDate "1996.07.??"]
[Source "www.chesslib.no"]
[SourceDate "2004.05.04"]

1. e4 e5 2. Nc3 Nf6 3. Bc4 Bc5 4. d3 h6 5. Nge2 Ng4 6. d4 exd4 7. Nxd4 d5 8. Nxd5 c6 9. b4 Bd6 10. Nf5 Be5 11. Rb1 cxd5 12. Bb5+ Nc6 13. Qxg4 g6 14. Qe2 gxf5 15. exd5 Qxd5 16. Bxc6+ bxc6 17. f4 f6 18. fxe5 fxe5 19. Bb2 O-O 20. Qxe5 Qxe5+ 21. Bxe5 Re8 22. O-O Rxe5 23. Rbd1 Ba6 24. Rf4 Rae8 25. c4 Re1+ 26. Rxe1 Rxe1+ 27. Kf2 Re4 28. Rxf5 Bxc4 29. a4 Bb3 30. b5 Bxa4 31. bxc6 Bxc6 32. Rf6 Be8 33. Ra6 Ra4 34. Rxh6 a5 35. Ra6 Ra3 36. g4 a4 37. h4 Rb3 38. g5 Rh3 39. Ra8 Kf8 40. g6 Rxh4 41. g7+ Kxg7 42. Rxe8 Rh2+ 43. Kg1 Ra2 44. Ra8 a3 45. Ra6 Kf7 46. Kf1 Ra1+ 47. Kf2 Ke7 48. Kg2 Kd7 49. Ra4 Kc6 50. Ra8 Kc5 51. Kf3 Kc4 52. Rc8+ Kd3 53. Rd8+ Kc3 54. Rc8+ Kb3 55. Rb8+ Ka2 56. Ke3 Rb1 57. Rh8 Rb4 58. Kd2 Kb2 59. Rc8 Rd4+ 60. Ke3 Ra4 61. Rb8+ Kc3 62. Rc8+ Kb3 63. Rb8+ Rb4 64. Rh8 a2 0-1

[Event "Sonnevanck-B"]
[Site "Wijk aan Zee NED"]
[Date "1995.??.??"]
[Round "7"]
[White "Bertholee, Rob"]
[Black "Loeffler, Stefan"]
[Result "1-0"]
[WhiteElo "2345"]
[BlackElo "2425"]
[PlyCount "55"]
[EventDate "1995.02.??"]
[Source "www.chesslib.no"]
[SourceDate "2004.05.04"]

1. Nc3 Nf6 2. e4 e5 3. Bc4 Bb4 4. a3 Bxc3 5. dxc3 O-O 6. Bg5 d6 7. Qe2 Be6 8. O-O-O Nbd7 9. h4 Qe8 10. Kb1 a5 11. h5 h6 12. Bc1 Nb6 13. Bxe6 fxe6 14. g4 d5 15. f3 Nc4 16. g5 hxg5 17. h6 Ra6 18. b3 Nd6 19. hxg7 Kxg7 20. Bxg5 dxe4 21. Bh6+ Kf7 22. Bxf8 Qxf8 23. Nh3 Ke8 24. Ng5 Nd5 25. Rxd5 exd5 26. fxe4 dxe4 27. Rh7 Qg8 28. Qg4 1-0

[Event "FRM Cup 11th"]
[Site "Stip"]
[Date "2002.05.09"]
[Round "2"]
[White "Gicov, Zoran"]
[Black "Janev, Evgeni"]
[Result "0-1"]
[WhiteElo "2246"]
[BlackElo "2521"]
[PlyCount "80"]
[EventDate "2002.05.08"]
[Source "ChessBase"]
[SourceDate "2002.07.08"]

1. e4 Nf6 2. Nc3 e5 3. Bc4 d6 4. d3 c6 5. f4 Be7 6. Nf3 exf4 7. Bxf4 O-O 8. Bb3 a5 9. O-O Nbd7 10. d4 Nb6 11. a3 d5 12. exd5 Nfxd5 13. Ne5 Be6 14. Nxd5 Nxd5 15. Qd3 a4 16. Bxd5 cxd5 17. Qb5 Qc8 18. Rac1 f6 19. Nd3 Qc4 20. Qxc4 dxc4 21. Nc5 Bxc5 22. dxc5 Rfe8 23. Rcd1 Ra5 24. Be3 Bg4 25. Rde1 Re4 26. Bd2 Rxe1 27. Bxa5 Re5 28. Bb4 Bf5 29. Rf4 Be6 30. Kf2 Kf7 31. h3 h5 32. h4 Kg6 33. Rd4 Kf5 34. g3 g5 35. Kf3 Bd5+ 36. Kf2 Ke6 37. Bd2 Rf5+ 38. Ke2 Bf3+ 39. Ke1 Bc6 40. hxg5 fxg5 0-1

[Event "Dieren op"]
[Site "Dieren"]
[Date "1997.??.??"]
[Round "4"]
[White "Deegens, Vincent"]
[Black "Meijers, Viesturs"]
[Result "1/2-1/2"]
[WhiteElo "2320"]
[BlackElo "2445"]
[PlyCount "51"]
[EventDate "1997.07.??"]
[Source "www.chesslib.no"]
[SourceDate "2004.05.04"]

1. e4 e5 2. Nc3 Nf6 3. Bc4 Bb4 4. f4 d6 5. d3 O-O 6. Nf3 exf4 7. O-O Bxc3 8. bxc3 d5 9. exd5 Nxd5 10. Bxd5 Qxd5 11. Bxf4 Bg4 12. Qd2 Nd7 13. Rab1 Rfe8 14. c4 Qc6 15. Nd4 Qc5 16. Qf2 Nb6 17. Rb5 Qe7 18. Rg5 h5 19. Nf5 Bxf5 20. Rxf5 c6 21. Rxh5 Nd7 22. Bg5 f6 23. Bf4 Qe2 24. Rh3 Qxf2+ 25. Kxf2 a6 26. a4 1/2-1/2

[Event "Augsburg 9394"]
[Site "Augsburg GER"]
[Date "1993.??.??"]
[Round "?"]
[White "Roeder, Frank"]
[Black "Gabriel, Christian"]
[Result "0-1"]
[WhiteElo "2260"]
[BlackElo "2500"]
[PlyCount "114"]
[EventDate "1993.12.??"]
[Source "www.chesslib.no"]
[SourceDate "2004.05.04"]

1. e4 e5 2. Nc3 Nf6 3. Bc4 Bc5 4. d3 d6 5. Bg5 Be6 6. Nd5 Nbd7 7. Qf3 Bxd5 8. Bxd5 c6 9. Bb3 h6 10. Be3 Bxe3 11. Qxe3 Nc5 12. Ne2 Qa5+ 13. Nc3 Nxb3 14. cxb3 Qb6 15. Qxb6 axb6 16. O-O-O O-O-O 17. d4 Ng4 18. Rd2 exd4 19. Rxd4 Nxf2 20. Rf1 Ng4 21. Rxf7 Rd7 22. Rxd7 Kxd7 23. h3 Ne5 24. Kd2 Rf8 25. Ke1 Ng6 26. Rd2 Nf4 27. Kd1 Ng6 28. Ke2 Ke6 29. Ke3 Ke5 30. Ne2 Rf1 31. Ng3 Re1+ 32. Kf2 Ra1 33. a3 Nf4 34. Ne2 Nxe2 35. Kxe2 Rb1 36. Kd3 Rf1 37. Ke3 g5 38. Re2 h5 39. Rc2 Re1+ 40. Kf3 Rxe4 41. g3 d5 42. Rd2 d4 43. Rd3 g4+ 44. hxg4 hxg4+ 45. Kf2 c5 46. Rd1 Re3 47. b4 c4 48. Rh1 Rf3+ 49. Ke1 Ke4 50. Rh7 Kd3 51. Rxb7 Kc2 52. Rc7 b5 53. a4 d3 54. Rd7 Re3+ 55. Kf2 Re2+ 56. Kf1 Re6 57. axb5 d2 0-1

[Event "Ljubljana Open"]
[Site "Ljubljana"]
[Date "1994.??.??"]
[Round "?"]
[White "Srebrnic, Vojko"]
[Black "Mikhalchishin, Adrian B"]
[Result "0-1"]
[WhiteElo "2230"]
[BlackElo "2530"]
[PlyCount "78"]
[EventDate "1994.06.??"]
[Source "www.chesslib.no"]
[SourceDate "2004.05.04"]

1. e4 e5 2. Nc3 Nf6 3. Bc4 Bb4 4. Nge2 O-O 5. O-O Nxe4 6. Nxe4 d5 7. d4 dxc4 8. dxe5 Qe7 9. Bf4 Nc6 10. c3 Ba5 11. Qd5 Be6 12. Qc5 Bb6 13. Qxe7 Nxe7 14. Rad1 Ng6 15. Bg3 Rfe8 16. Rfe1 h5 17. h3 h4 18. Bh2 Rad8 19. Nd4 Bxd4 20. cxd4 b6 21. f3 Rd7 22. Rd2 Bd5 23. Kf2 Red8 24. Red1 Kf8 25. g4 hxg3+ 26. Bxg3 Ke7 27. h4 Rh8 28. Rh1 Rh5 29. Ke3 f6 30. Nc3 Ke6 31. exf6 gxf6 32. Ne4 Ne7 33. Nc3 Kf7 34. Ne2 Bb7 35. Kf2 Rf5 36. Bf4 Nd5 37. Bg3 Nb4 38. Nf4 Nd3+ 39. Nxd3 Rxf3+ 0-1

[Event "BL2-West 0304"]
[Site "Germany"]
[Date "2004.??.??"]
[Round "?.4"]
[White "Van Beers, Eddy"]
[Black "Richter, Christian"]
[Result "1/2-1/2"]
[WhiteElo "2430"]
[BlackElo "2330"]
[PlyCount "78"]
[EventDate "2003.10.??"]
[Source "Roberto Alvarez"]
[SourceDate "2004.07.26"]

1. e4 e5 2. Nc3 Nf6 3. Bc4 c6 4. d4 exd4 5. Qxd4 b5 6. Be2 b4 7. Na4 d5 8. exd5 Qxd5 9. Nf3 Be7 10. O-O Be6 11. Be3 Nbd7 12. c3 Qa5 13. b3 c5 14. Qd3 O-O 15. cxb4 Qxb4 16. Bd2 Qb7 17. Nc3 h6 18. Rad1 Rfc8 19. Qa6 Qc7 20. Rfe1 Bf8 21. g3 Nb8 22. Qa4 Nc6 23. Bf4 Qb6 24. Bc4 Bxc4 25. Qxc4 Na5 26. Qe2 c4 27. bxc4 Bb4 28. Rc1 Rxc4 29. Na4 Qb5 30. Rxc4 Qxc4 31. Qxc4 Nxc4 32. Rb1 Nd5 33. Ne5 Rc8 34. Rc1 Nd6 35. Rxc8+ Nxc8 36. Nd3 Ba3 37. Be5 f6 38. Bd4 Kf7 39. Kf1 Ncb6 1/2-1/2

[Event "It (open)"]
[Site "Oberwart (Austria)"]
[Date "2007.07.08"]
[Round "2"]
[White "Posch Werner (AUT)"]
[Black "Rabiega Robert (GER)"]
[Result "0-1"]
[WhiteElo "2223"]
[BlackElo "2532"]
[PlyCount "68"]
[EventDate "2007.??.??"]
[Source "www.chesslib.no"]
[SourceDate "2004.05.04"]

1. e4 e5 2. Bc4 Nf6 3. Nc3 Bb4 4. Qf3 c6 5. h3 O-O 6. Nge2 Re8 7. O-O d5 8. Bb3 a5 9. a3 Bxc3 10. Nxc3 Be6 11. Re1 dxe4 12. Nxe4 Nxe4 13. Rxe4 Bd5 14. Bxd5 cxd5 15. Rg4 Nc6 16. Qg3 g6 17. c3 f5 18. Rxg6+ hxg6 19. Qxg6+ Kf8 20. d4 f4 21. dxe5 Nxe5 22. Qf5+ Kg7 23. Bxf4 Qf6 24. Bxe5 Rxe5 25. Qd7+ Qe7 26. Qg4+ Rg5 27. Qd4+ Qf6 28. Qe3 Re5 29. Qd4 Rae8 30. Rf1 Rg5 31. Qd3 Qg6 32. Qd4+ Kh7 33. Qh4+ Qh5 34. Qf4 Reg8 0-1

[Event "JUG-ch"]
[Site "Vrbas"]
[Date "1982.??.??"]
[Round "?"]
[White "Ivanovic, Bozidar"]
[Black "Hresc, Vladimir"]
[Result "1-0"]
[WhiteElo "2485"]
[BlackElo "2265"]
[PlyCount "59"]
[EventDate "1982.??.??"]
[Source "ChessBase"]

1. e4 e5 2. Nc3 Nf6 3. Bc4 c6 4. Qe2 b5 5. Bb3 Be7 6. f4 d6 7. fxe5 dxe5 8. Nf3 Qc7 9. O-O O-O 10. d3 Na6 11. Kh1 Nc5 12. Be3 a5 13. Ng5 h6 14. Bxf7+ Rxf7 15. Nxf7 Kxf7 16. Qh5+ Kg8 17. Rxf6 gxf6 18. Qg6+ Kh8 19. Qxh6+ Kg8 20. Qg6+ Kh8 21. Rf1 Ne6 22. Qe8+ Kg7 23. Rf3 Bb7 24. Bh6+ Kxh6 25. Qf7 Nf4 26. Rg3 Bd8 27. Qf8+ Kh7 28. Ne2 f5 29. Qg8+ Kh6 30. Nxf4 1-0

[Event "Sydney IM"]
[Site "Sydney AUS"]
[Date "1979.??.??"]
[Round "10"]
[White "Rogers, Ian"]
[Black "Shaw, Terrey I"]
[Result "1/2-1/2"]
[WhiteElo "2390"]
[BlackElo "2355"]
[PlyCount "27"]
[EventDate "1979.10.??"]
[Source "www.chesslib.no"]
[SourceDate "2004.05.04"]

1. e4 e5 2. Bc4 Nf6 3. Nc3 Bc5 4. d3 d6 5. Bg5 h6 6. Bh4 Be6 7. Nge2 Nc6 8. Bxe6 fxe6 9. Na4 Bb6 10. Nxb6 axb6 11. f3 O-O 12. O-O Ne7 13. f4 Ng6 14. fxe5 1/2-1/2

[Event "Cannes Open"]
[Site "Cannes FRA"]
[Date "1990.??.??"]
[Round "9"]
[White "Delanoy, Arnaud"]
[Black "Plachetka, Jan"]
[Result "0-1"]
[WhiteElo "2315"]
[BlackElo "2425"]
[PlyCount "68"]
[EventDate "1990.02.??"]
[Source "www.chesslib.no"]
[SourceDate "2004.05.04"]

1. e4 e5 2. Nc3 Nf6 3. Bc4 Bc5 4. d3 d6 5. f4 Be6 6. Nf3 Bxc4 7. dxc4 Nbd7 8. fxe5 dxe5 9. Qe2 c6 10. Be3 Qb6 11. Bxc5 Qxb2 12. O-O Nxc5 13. Qe3 O-O 14. Rab1 Qa3 15. Rbe1 Ng4 16. Qg5 Qxc3 17. Qxg4 Qxc4 18. Nh4 Qe6 19. Qg5 f6 20. Qe3 Qc4 21. Kh1 Rad8 22. Nf5 g6 23. Nh6+ Kg7 24. Rf3 Nxe4 25. Qxa7 Ng5 26. Nf5+ gxf5 27. Rg3 f4 28. Rb3 Rf7 29. h4 Ne4 30. Rxb7 Ng3+ 31. Kh2 Nf5 32. Reb1 Nh6 33. Rxf7+ Nxf7 34. Qe7 f3 0-1

[Event "CZE-ch"]
[Site "Zlin"]
[Date "1998.06.18"]
[Round "6"]
[White "Pisk, Petr"]
[Black "Velicka, Petr"]
[Result "1/2-1/2"]
[WhiteElo "2310"]
[BlackElo "2430"]
[PlyCount "39"]
[EventDate "1998.06.13"]
[Source "ChessBase"]
[SourceDate "1998.09.30"]

1. e4 Nf6 2. Nc3 e5 3. Bc4 Bb4 4. Nf3 d6 5. h3 O-O 6. Nd5 Nxd5 7. Bxd5 c6 8. Bb3 d5 9. O-O Bd6 10. d4 dxe4 11. Nxe5 Nd7 12. Qh5 Nxe5 13. dxe5 g6 14. Qe2 Bxe5 15. Qxe4 Qf6 16. c3 Bf5 17. Qf3 Rfe8 18. Be3 a6 19. Rad1 Rad8 20. Bb6 1/2-1/2

[Event "ch corr"]
[Site "Denmark ch corr"]
[Date "1979.??.??"]
[Round "?"]
[White "Nielsen, Julius"]
[Black "Nielsen, Chresten Waagner"]
[Result "1-0"]
[WhiteElo "2455"]
[BlackElo "2285"]
[PlyCount "51"]
[EventDate "1979.??.??"]
[Source "www.chesslib.no"]
[SourceDate "2004.05.04"]

1. e4 e5 2. Nc3 Nf6 3. Bc4 Be7 4. d3 c6 5. Nf3 d5 6. exd5 cxd5 7. Bb5+ Kf8 8. d4 e4 9. Ne5 a6 10. Ba4 Be6 11. O-O Bd6 12. Bg5 h6 13. Bh4 g5 14. Bg3 Kg7 15. f4 b5 16. Bb3 b4 17. Ne2 a5 18. c3 Ra7 19. Qd2 gxf4 20. Nxf4 a4 21. Bd1 bxc3 22. bxc3 Ne8 23. Nxe6+ fxe6 24. Bg4 Qc8 25. Bh5 Nd7 26. Rf7+ 1-0

[Event "Ljubljana Open"]
[Site "Ljubljana"]
[Date "1993.??.??"]
[Round "?"]
[White "Srebrnic, Vojko"]
[Black "Sermek, Drazen"]
[Result "1-0"]
[WhiteElo "2240"]
[BlackElo "2495"]
[PlyCount "51"]
[EventDate "1993.??.??"]
[Source "www.chesslib.no"]
[SourceDate "2004.05.04"]

1. e4 e5 2. Nc3 Nf6 3. Bc4 c6 4. Nf3 b5 5. Bb3 b4 6. Ne2 Nxe4 7. d3 Nc5 8. Nxe5 d5 9. d4 Nxb3 10. axb3 Bd6 11. Bf4 O-O 12. O-O Re8 13. Nd3 Bf8 14. Qd2 a5 15. Rfe1 Qb6 16. Ng3 Be6 17. Be3 Nd7 18. Nf4 Qb5 19. Qd3 a4 20. bxa4 Rxa4 21. Rxa4 Qxa4 22. b3 Qa5 23. Nf1 Bg4 24. h3 Bd6 25. hxg4 Bxf4 26. Qf5 1-0

[Event "Lone Pine op"]
[Site "Lone Pine"]
[Date "1978.??.??"]
[Round "7"]
[White "Gruchacz, Robert"]
[Black "Morris, Walter D"]
[Result "0-1"]
[WhiteElo "2400"]
[BlackElo "2325"]
[PlyCount "80"]
[EventDate "1978.04.??"]
[Source "ChessBase"]

1. e4 e5 2. Nc3 Nf6 3. Bc4 Bb4 4. f4 d6 5. Nf3 O-O 6. O-O Nc6 7. d3 Na5 8. Bb3 Nxb3 9. axb3 Bxc3 10. bxc3 Qe7 11. fxe5 dxe5 12. Qe1 Ne8 13. Kh1 f6 14. Ba3 Nd6 15. Qh4 Re8 16. Nd2 b6 17. Bxd6 Qxd6 18. Rf2 Be6 19. c4 Rf8 20. g4 c6 21. Qg3 a5 22. Nf3 Bd7 23. h3 b5 24. cxb5 cxb5 25. Ne1 a4 26. bxa4 bxa4 27. c4 Rab8 28. Rfa2 Rb3 29. Qf2 Rfb8 30. Kg2 R8b7 31. Qd2 Qd4 32. Qa5 Bc6 33. Rf2 Qxa1 34. Qd8+ Kf7 35. Nf3 Rb2 36. Nxe5+ Ke6 37. Nxc6 Rxf2+ 38. Kxf2 Rb2+ 39. Ke3 Qg1+ 40. Kf3 Qf2# 0-1

[Event "CZE Team Ch 9596"]
[Site "Czech Republic"]
[Date "1996.??.??"]
[Round "5"]
[White "Biolek, Richard"]
[Black "Pribyl, Martin"]
[Result "1-0"]
[WhiteElo "2395"]
[BlackElo "2325"]
[PlyCount "79"]
[EventDate "1995.??.??"]
[Source "www.chesslib.no"]
[SourceDate "2004.05.04"]

1. e4 e5 2. Nc3 Nf6 3. Bc4 Bc5 4. d3 h6 5. Be3 Bxe3 6. fxe3 d6 7. Nf3 O-O 8. Qd2 c6 9. Bb3 Nbd7 10. h3 Nc5 11. Na4 Nxb3 12. axb3 Be6 13. O-O Nd7 14. d4 d5 15. Nxe5 Nxe5 16. dxe5 dxe4 17. Qxd8 Rfxd8 18. Nc5 Rd5 19. Nxb7 Rxe5 20. Rfd1 Rb5 21. Rd8+ Rxd8 22. Nxd8 Rc5 23. c4 a5 24. Nb7 Rg5 25. Rxa5 f5 26. Re5 Rg6 27. Nc5 Bf7 28. Rxf5 Rd6 29. Re5 Rd1+ 30. Kh2 Rb1 31. Na4 Bg6 32. Re6 Kf7 33. Rxc6 Re1 34. Rc7+ Kg8 35. Nc3 Rxe3 36. b4 Rd3 37. b5 e3 38. b6 Be4 39. b7 Bxb7 40. Rxb7 1-0